La España de Galdós / (Record no. 130357)

MARC details
000 -LEADER
campo de control de longitud fija 01894nam a2200253 i 4500
001 - NÚMERO DE CONTROL
campo de control 130357
003 - IDENTIFICADOR DE NÚMERO DE CONTROL
campo de control ES-MaACL
005 - FECHA Y HORA DE LA ÚLTIMA TRANSACCIÓN
campo de control 20250604062543.0
007 - CAMPO FIJO DE DESCRIPCIÓN FÍSICA--INFORMACIÓN GENERAL
campo de control de longitud fija t|
008 - DATOS DE LONGITUD FIJA--INFORMACIÓN GENERAL
campo de control de longitud fija 070726s1982 sp ||||1| spa d
100 1# - ENTRADA PRINCIPAL--NOMBRE DE PERSONA
Nombre de persona Zambrano, María,
Fechas asociadas al nombre 1904-1991
9 (RLIN) 117914
245 13 - MENCIÓN DEL TÍTULO
Título La España de Galdós /
Mención de responsabilidad, etc. María Zambrano ; dibujos de Ramón Gaya.
260 ## - PUBLICACIÓN, DISTRIBUCIÓN, ETC.
Lugar de publicación, distribución, etc. Barcelona :
Nombre del editor, distribuidor, etc. La Gaya Ciencia,
Fecha de publicación, distribución, etc. 1982.
300 ## - DESCRIPCIÓN FÍSICA
Extensión 148 p. ;
Dimensiones 21 cm.
490 1# - MENCIÓN DE SERIE
Mención de serie Ensayo ;
Designación de volumen o secuencia 41
520 ## - RESUMEN, ETC.
Sumario, etc. Además de autora de hondas reflexiones y ensayos filosóficos como "Claros del bosque" o "La tumba de Antígona" (publicados en esta misma colección), María Zambrano (1904-1991) fue también una excelente cronista que, desde su vocación como pensadora, no desdeñó asomarse a otros campos del conocimiento. En el presente volumen, fundamental en su producción como "crítica literaria", aboga por una de las figuras clave de la literatura española, Benito Pérez Galdós (1843-1920), centrando el tiro en una de sus obras cumbre, "Misericordia" (1897, publicada igualmente en esta colección), en la que el escritor canario mostró sin tapujos su desencanto con los intentos regeneracionistas que imaginó para la clase media española. Como apunta el profesor Mora García en la introducción, la lucidez de Zambrano sale aquí a relucir, convirtiendo la recuperación de "Misericordia" «en un alegato moral y político, como lo había sido la novela galdosiana», así como en una reivindicación de la figura femenina a través de la heroína de la obra, Nina. Introducción de José Luis Mora García
600 14 - PUNTO DE ACCESO ADICIONAL DE MATERIA--NOMBRE DE PERSONA
Nombre de persona Pérez Galdós, Benito,
Fechas asociadas al nombre 1843-1920-
Subdivisión general Crítica e interpretación
9 (RLIN) 90875
651 #7 - PUNTO DE ACCESO ADICIONAL DE MATERIA--NOMBRE GEOGRÁFICO
Nombre geográfico España-
Subdivisión general Historia-
Subdivisión cronológica S.XIX
Fuente del encabezamiento o término
9 (RLIN) 142005
700 1# - ENTRADA AGREGADA--NOMBRE PERSONAL
Nombre de persona Gaya, Ramón,
Fechas asociadas al nombre 1910-2005
9 (RLIN) 56125
830 0# - PUNTO DE ACCESO ADICIONAL DE SERIE-TÍTULO UNIFORME
Título uniforme Ensayo ;
Designación de volumen o secuencia 41
9 (RLIN) 177699
852 4# - LOCALIZACIÓN
Ubicación BA
Número de control de estantería L-4312
942 ## - ELEMENTOS DE ENTRADA SECUNDARIOS (KOHA)
Fuente del sistema de clasificación o colocación Clasificación decimal universal
Holdings
Estatus retirado Estado de pérdida Estado de daño No para préstamo Biblioteca de origen Biblioteca actual Ubicación en estantería Fecha de adquisición Fuente de adquisición Total de préstamos Signatura topográfica completa Código de barras Visto por última vez Precio de reemplazo Tipo de ítem Koha
        Biblioteca del Ateneo de Madrid Biblioteca del Ateneo de Madrid Depósito 2 17/01/2008     L-4312 1135731 23/02/2023 23/02/2023 Libro impreso